000 nam a22 7a 4500
999 _c8580
_d8580
008 180118b ||||| |||| 00| 0 eng d
100 _aGusain V
_94962
245 _aComputer world
260 _aNew delhi
_bArya Publication
_c1998